000 00709nam a2200277Ia 4500
001 9036
005 20240113234147.0
007 ta
008 050722s1948 a g b000 u eng u
040 _aCotton College Assam
041 _aeng
082 _a822.09
_bEl 59 F
100 _aEllis-Fermor, Una.
245 0 _aThe Frontiers of Drama /
_cUna Ellis-Fermor.
_hTextual Documents
250 _a3rd ed. /
260 _aLondon :
_bMethuen & Co Ltd ,
_c1948.
300 _a154p. :
_bill. ;
_c18cm .
504 _aIndex
653 _aEnglish Drama-Criticism
653 _aG-English
653 _aMS-English
942 _2ddc
_cBK
999 _c9023
_d9023